Statistics for City Situation Quiz (Hard)

Click here to take the quiz!

General Stats

  • This quiz has been taken 10 times
  • The average score is 5 of 15

Answer Stats

Question Answer % Correct
Which correctly describes the location of Rio de Janeiro, Brazil?On Guanabara Bay
63%
Which correctly describes the location of Port Harcourt Nigeria?In the Rivers State
63%
Which correctly describes the location of Kuwait City, Kuwait?South of Kuwait Bay
50%
Which correctly describes the location of Managua, Nicaragua?On Lake Xolotlan
50%
Which correctly describes the location of Yangon, MyanmarWest of the Gulf of Martaban
50%
Which correctly describes the location of Boma, Democratic Republic of the Congo?West of Matadi
38%
Which correctly describes the location of Patna, India?Further south than Lucknow
38%
Which correctly describes the location of Santa Cruz, BoliviaEast of the Yungas
38%
Which correctly describes the location of Konya Turkey?Northeast of Antalya
25%
Which correctly describes the location of Milan, Italy?Northwest of Cremona
25%
Which correctly describes the location of Kupang, Indonesia?On the Savu Sea
25%
Which correctly describes the location of Cologne, Germany?South of Essen
25%
Which correctly describes the location of Krakow, PolandIn the Lesser Poland Voivodship
25%
Which correctly describes the location of Toronto Canada?Northeast of Mississauga
13%
Which correctly describes the location of Kandahar, AfghanistanOn the Arghandab River
0%

Score Distribution

Percentile by Number Answered

Percent of People with Each Score

Your Score History

You have not taken this quiz